[Event "BL 9091 Koblenz-Bamberg"]
[Site "?"]
[Date "1991.??.??"]
[Round "?.8"]
[White "Weidemann, J."]
[Black "Kestler, H."]
[Result "1/2-1/2"]
[WhiteElo "2300"]
[BlackElo "2360"]
[PlyCount "167"]
[EventDate "1991.??.??"]

1. e4 c5 2. c3 e6 3. d4 d5 4. e5 Nc6 5. Nf3 Qb6 6. a3 Bd7 7. b4 cxd4 8. cxd4
Rc8 9. Be3 Nh6 10. Bd3 Ng4 11. O-O Be7 12. Nbd2 Nxe3 13. fxe3 O-O 14. h4 Qd8
15. Qe1 f6 16. exf6 Bxf6 17. Qg3 Qc7 18. Qg4 Ne7 19. Ng5 Bxg5 20. Qxg5 Nf5 21.
Bxf5 exf5 22. Nf3 Bb5 23. Rf2 h6 24. Qf4 Qxf4 25. exf4 Bd3 26. Ne5 Be4 27. Re2
Rc3 28. Kf2 Rfc8 29. Raa2 Rc1 30. Re3 Kh7 31. Rd2 R8c7 32. Nd3 Rh1 33. Nc5 Rxh4
34. Nxe4 fxe4 35. Kg3 Rh5 36. Kg4 g6 37. b5 Rf5 38. b6 axb6 39. Rb2 Rcf7 40. g3
g5 41. fxg5 Rxg5+ 42. Kh3 Rg6 43. Rb5 Rd6 44. Reb3 Rff6 45. a4 Kg6 46. a5 bxa5
47. Rxa5 b6 48. Rab5 Rfe6 49. Kg2 Kf7 50. Kf2 Ke7 51. Ra3 Rf6+ 52. Kg2 Ke6 53.
Ra8 Kd7 54. Ra7+ Ke6 55. Ra8 Kf5 56. Re8 Rfe6 57. Rf8+ Kg6 58. Rg8+ Kh7 59. Rc8
e3 60. Kf1 Kg6 61. Ke2 Kf5 62. Rf8+ Kg4 63. Rg8+ Kh3 64. Rb3 Re4 65. Rxe3 Rxd4
66. Rf3 Rg4 67. Rh8 Rxg3 68. Rf1 Kh2 69. Rf5 d4 70. Kd2 d3 71. Rh5+ Rh3 72. Rb5
Rg6 73. Rd8 h5 74. Rdd5 h4 75. Rb4 Rh6 76. Rdd4 Kh1 77. Kd1 Rh2 78. Rxd3 Rg6
79. Re3 Rd6+ 80. Ke1 Rg6 81. Kd1 h3 82. Re1+ Rg1 83. Rb3 b5 84. Rg3 1/2-1/2

[Event "BL 9091 Nürnberg-Koblenz"]
[Site "?"]
[Date "1991.??.??"]
[Round "?.1"]
[White "Dizdar, G."]
[Black "Pribyl, J."]
[Result "1-0"]
[WhiteElo "2535"]
[BlackElo "2425"]
[PlyCount "87"]
[EventDate "1991.??.??"]

1. Nf3 Nf6 2. g3 g6 3. b3 Bg7 4. Bb2 d5 5. Bg2 O-O 6. O-O c5 7. c4 dxc4 8. bxc4
Nc6 9. d3 Bd7 10. Ne5 Nxe5 11. Bxe5 Qc8 12. Nc3 Bh3 13. Rb1 Bxg2 14. Kxg2 Qc6+
15. Kg1 Rfd8 16. Qa4 Qxa4 17. Nxa4 b6 18. Nc3 Nd7 19. Bxg7 Kxg7 20. a4 e6 21.
a5 Rdc8 22. Rb2 Rc6 23. Ra1 Rb8 24. axb6 Rbxb6 25. Rxb6 axb6 26. Ra7 Nf6 27.
Rb7 e5 28. f3 Rd6 29. Nb5 Re6 30. Nc3 Rd6 31. Nb5 Re6 32. g4 h5 33. g5 Ng8 34.
Nc3 Ne7 35. Ne4 Nc8 36. Rb8 Rc6 37. Nf6 Kf8 38. Nd5 Kg7 39. Kg2 Nd6 40. Rxb6
Rxb6 41. Nxb6 Nf5 42. Nd7 Nd4 43. e3 Ne6 44. h4 1-0

[Event "BL 9091 Nürnberg-Koblenz"]
[Site "?"]
[Date "1991.??.??"]
[Round "?.2"]
[White "Seibold, H."]
[Black "Garcia Palermo, C."]
[Result "1/2-1/2"]
[WhiteElo "2210"]
[BlackElo "2455"]
[PlyCount "69"]
[EventDate "1991.??.??"]

1. e4 c6 2. d4 d5 3. Nc3 dxe4 4. Nxe4 Bf5 5. Ng3 Bg6 6. Nf3 Nd7 7. h4 h6 8. h5
Bh7 9. Bd3 Bxd3 10. Qxd3 Qc7 11. Bd2 Ngf6 12. Ne4 e6 13. O-O-O Be7 14. Kb1 Nxe4
15. Qxe4 Nf6 16. Qe2 c5 17. dxc5 O-O 18. g4 Rad8 19. g5 hxg5 20. Nxg5 Qxc5 21.
Rdg1 Rd5 22. f4 Rfd8 23. Be3 Qc7 24. h6 Bf8 25. hxg7 Bxg7 26. Qg2 Ne8 27. Qh3
Kf8 28. Qh4 Bf6 29. Nh7+ Ke7 30. Nxf6 Nxf6 31. Bc1 Rh5 32. Qe1 Rxh1 33. Rxh1
Qc5 34. b3 Rc8 35. Bb2 1/2-1/2

[Event "BL 9091 Nürnberg-Koblenz"]
[Site "?"]
[Date "1991.??.??"]
[Round "?.3"]
[White "Brueckner, T."]
[Black "Huemmer, B."]
[Result "1-0"]
[WhiteElo "2405"]
[BlackElo "2265"]
[PlyCount "65"]
[EventDate "1991.??.??"]

1. c4 d6 2. g3 c6 3. Bg2 Nf6 4. Nf3 Bg4 5. O-O e5 6. Nc3 Be7 7. d3 O-O 8. b4
Nbd7 9. Bg5 h6 10. Bxf6 Nxf6 11. Rb1 a5 12. b5 a4 13. bxc6 bxc6 14. Qc2 Qa5 15.
Rb7 Nd7 16. Rfb1 Bd8 17. R7b4 Nc5 18. d4 exd4 19. Nxd4 Bf6 20. Nxc6 Qa6 21. Nd5
Bd8 22. Nxd8 Raxd8 23. Ne7+ Kh8 24. Rb6 Qa7 25. Nc6 Qd7 26. Nxd8 Qxd8 27. Qd2
Bf5 28. Rxd6 Qe7 29. Rd1 Ne6 30. c5 Nxc5 31. Qa5 Ne4 32. Rd8 Rxd8 33. Rxd8+ 1-0

[Event "BL 9091 Bamberg-Porz"]
[Site "?"]
[Date "1991.??.??"]
[Round "?.1"]
[White "Hort, V."]
[Black "Unzicker, W."]
[Result "1-0"]
[WhiteElo "2540"]
[BlackElo "2480"]
[PlyCount "97"]
[EventDate "1991.??.??"]

1. c4 e6 2. Nc3 d5 3. d4 Nf6 4. cxd5 exd5 5. Bg5 c6 6. e3 Be7 7. Bd3 Nbd7 8.
Nge2 Nf8 9. Qc2 Ne6 10. Bh4 h6 11. h3 O-O 12. O-O-O Kh8 13. Kb1 a6 14. g4 c5
15. dxc5 Nxc5 16. Nd4 Nxd3 17. Rxd3 Be6 18. Rhd1 Rc8 19. f3 Nd7 20. Bg3 Nc5 21.
R3d2 b5 22. Nde2 Na4 23. Qd3 Nxc3+ 24. Nxc3 Bb4 25. Be5 f6 26. Bd4 Bg8 27. f4
Qe7 28. Rc2 Bxc3 29. Rxc3 Be6 30. Rxc8 Rxc8 31. Rg1 Bg8 32. b3 Bh7 33. f5 Qc7
34. Qd2 Qe7 35. Kb2 Qe4 36. Qg2 Qxg2+ 37. Rxg2 Kg8 38. Ka3 Kf7 39. Kb4 g6 40.
Ka5 gxf5 41. Rf2 Ke6 42. Kxa6 b4 43. Kb5 Rb8+ 44. Kc5 Bg6 45. Rf4 Ra8 46. gxf5+
Bxf5 47. Rh4 Rxa2 48. Rxh6 Kd7 49. h4 1-0

[Event "BL 9091 Bamberg-Porz"]
[Site "?"]
[Date "1991.??.??"]
[Round "?.4"]
[White "Schoeneberg, M."]
[Black "Lutz, C."]
[Result "0-1"]
[WhiteElo "2310"]
[BlackElo "2500"]
[PlyCount "96"]
[EventDate "1991.??.??"]

1. e4 c5 2. Nf3 d6 3. d4 cxd4 4. Nxd4 Nf6 5. Nc3 a6 6. a4 Nc6 7. Be2 g6 8. O-O
Bg7 9. Be3 O-O 10. Kh1 Bd7 11. f4 Rc8 12. Nxc6 Bxc6 13. Bf3 Qa5 14. Qd2 Rfd8
15. Qf2 Nd7 16. Bd2 Qb6 17. a5 Qxf2 18. Rxf2 Nc5 19. Re1 e6 20. f5 Bd4 21. Rff1
Nd7 22. fxe6 fxe6 23. Bg4 Re8 24. Ne2 Bxb2 25. Nf4 Nc5 26. Bb4 Bb5 27. Bxc5
Bxf1 28. Bxd6 Bc4 29. Rb1 Bd4 30. Rxb7 Rc6 31. e5 Be3 32. Bf3 Rcc8 33. g3 Bb5
34. Be7 Rxc2 35. h4 Bxf4 36. gxf4 Rf2 37. Bf6 Rxf3 38. Rg7+ Kf8 39. Rxh7 g5 40.
h5 Rf1+ 41. Kg2 Bd3 42. Rd7 Rd1 43. Kf2 gxf4 44. h6 Rc8 45. h7 Rc2+ 46. Kf3
Rf1+ 47. Kg4 Rg2+ 48. Kh5 Rh1+ 0-1

[Event "BL 9091 Bamberg-Porz"]
[Site "?"]
[Date "1991.??.??"]
[Round "?.5"]
[White "Schmittdiel, E."]
[Black "Bezold, M."]
[Result "1-0"]
[WhiteElo "2485"]
[BlackElo "2330"]
[PlyCount "97"]
[EventDate "1991.??.??"]

1. e4 c5 2. c3 e6 3. d4 d5 4. exd5 exd5 5. Nf3 Nc6 6. Bb5 Bd6 7. dxc5 Bxc5 8.
O-O Nge7 9. Nbd2 O-O 10. Nb3 Bb6 11. Re1 Bg4 12. Be3 Re8 13. h3 Bh5 14. Bxb6
Qxb6 15. Be2 Rad8 16. Nfd4 Bg6 17. Bf3 h6 18. Re3 f6 19. Ne6 Rd6 20. Nf4 Ne5
21. Nxg6 N5xg6 22. Bh5 Red8 23. Qc2 Ne5 24. Rae1 g6 25. Nd4 gxh5 26. f4 N7c6
27. Nxc6 Rxc6 28. Kh1 Re6 29. fxe5 fxe5 30. Qf5 h4 31. Rxe5 Rxe5 32. Qxe5 Qd6
33. Qf5 Rf8 34. Qg4+ Kh8 35. Qxh4 b5 36. Qd4+ Kg8 37. Qxa7 Qg3 38. Qe7 Rf2 39.
Qe8+ Rf8 40. Qe6+ Kh7 41. Qd7+ Kh8 42. Re8 Rxe8 43. Qxe8+ Kg7 44. Qd7+ Kf8 45.
Qxd5 Qe1+ 46. Kh2 Qc1 47. Qf5+ Ke7 48. Qe5+ Kd8 49. b3 1-0

[Event "BL 9091 Bamberg-Porz"]
[Site "?"]
[Date "1991.??.??"]
[Round "?.6"]
[White "Hennings, A."]
[Black "Knaak, R."]
[Result "1/2-1/2"]
[WhiteElo "2340"]
[BlackElo "2515"]
[PlyCount "100"]
[EventDate "1991.??.??"]

1. Nc3 d5 2. e4 e6 3. d4 Nf6 4. exd5 exd5 5. Bd3 Nc6 6. Nge2 Nb4 7. Bf4 c6 8.
O-O Be7 9. h3 O-O 10. Ng3 Nxd3 11. Qxd3 Ne8 12. Rfe1 Nd6 13. Re2 Be6 14. Rae1
Qd7 15. Nd1 Rfe8 16. c3 Bf8 17. Ne3 g6 18. Be5 h5 19. f3 Qd8 20. Ngf1 Nf5 21.
Nxf5 Bxf5 22. Qd2 f6 23. Bf4 Rxe2 24. Rxe2 g5 25. Bh2 Qd7 26. h4 g4 27. Bf4 Re8
28. Rxe8 Qxe8 29. Qe3 Qg6 30. Ng3 gxf3 31. gxf3 Bd7 32. Kg2 Kf7 33. Qe2 Qb1 34.
a3 a6 35. Qd2 Be6 36. b4 a5 37. Qc1 Qa2+ 38. Kg1 axb4 39. axb4 Bd6 40. Nxh5 Bh3
41. Qd2 Qxd2 42. Bxd2 Kg6 43. Nf4+ Bxf4 44. Bxf4 b5 45. Kh2 Bf5 46. Kg3 Kf7 47.
Bc7 Bd3 48. Bd8 Be2 49. h5 Bd3 50. Kg4 Bc2 1/2-1/2

[Event "BL 9091 Bamberg-Porz"]
[Site "?"]
[Date "1991.??.??"]
[Round "?.7"]
[White "Vogt, L."]
[Black "Csulits, A."]
[Result "1-0"]
[WhiteElo "2510"]
[BlackElo "2320"]
[PlyCount "101"]
[EventDate "1991.??.??"]

1. e4 g6 2. d4 Bg7 3. Nc3 c6 4. Nf3 d5 5. h3 f6 6. Qd3 Nh6 7. exd5 cxd5 8. Qb5+
Nc6 9. Qxd5 Nf5 10. Qxd8+ Kxd8 11. d5 Ncd4 12. Nxd4 Nxd4 13. Bd3 Bf5 14. Bxf5
gxf5 15. Kd1 a6 16. a4 e5 17. dxe6 Ke7 18. Nd5+ Kd6 19. Ne3 Kxe6 20. Ra3 Rhd8
21. Rd3 f4 22. Nc4 Rac8 23. Re1+ Kf5 24. g4+ fxg3 25. Ne3+ Kg6 26. Rg1 Kh5 27.
Rxg3 Bh6 28. Bd2 f5 29. Nf1 f4 30. Rg4 Ne6 31. Rxd8 Rxd8 32. c3 Nc5 33. Kc2 Rd3
34. Bxf4 Rxh3 35. Rg3 Rh1 36. Bxh6 Kxh6 37. Ne3 Re1 38. Nf5+ Kh5 39. f4 Ne6 40.
Ng7+ Kh4 41. Nf5+ Kh5 42. Nd6 Re2+ 43. Kb3 b6 44. f5 Nc5+ 45. Ka3 a5 46. f6 Rf2
47. f7 Nd7 48. Rg8 Rf1 49. Ka2 Rf6 50. Rd8 Rxd6 51. f8=Q 1-0

[Event "BL 9091 Bamberg-Porz"]
[Site "?"]
[Date "1991.??.??"]
[Round "?.8"]
[White "Kestler, H."]
[Black "Uhlmann, W."]
[Result "1/2-1/2"]
[WhiteElo "2360"]
[BlackElo "2510"]
[PlyCount "101"]
[EventDate "1991.??.??"]

1. e4 e6 2. d4 d5 3. e5 c5 4. c3 Nc6 5. Nf3 Qb6 6. Be2 Nh6 7. Na3 cxd4 8. Bxh6
gxh6 9. cxd4 Qxb2 10. Nb5 Qb4+ 11. Kf1 Qa5 12. Qc1 Bd7 13. Qf4 O-O-O 14. Qxf7
a6 15. Nd6+ Bxd6 16. exd6 Qb4 17. Qf4 Rhf8 18. Qe3 Qxd6 19. g3 e5 20. Nxe5 Nxe5
21. dxe5 d4 22. Qc1+ Qc6 23. f4 Kb8 24. Qxc6 Bxc6 25. Rg1 d3 26. Bg4 Rd5 27. e6
h5 28. Bd1 Re5 29. Kf2 Rxe6 30. Re1 Rxe1 31. Kxe1 h4 32. Kd2 hxg3 33. hxg3 Be4
34. Rc1 Bg6 35. Rc5 Rf6 36. Bb3 h5 37. Rg5 Ka7 38. Bd1 h4 39. gxh4 Bf7 40. Bb3
Bxb3 41. axb3 Rxf4 42. Kxd3 Rxh4 43. Kc3 Rh6 44. Rg2 Kb6 45. Rf2 Rh5 46. Rg2
Kb5 47. Kb2 a5 48. Rf2 Rh4 49. Rg2 Kb4 50. Rf2 b5 51. Rg2 1/2-1/2

[Event "BL 9091 Frankfurt-Solingen"]
[Site "?"]
[Date "1991.??.??"]
[Round "?.1"]
[White "Short, N."]
[Black "Khalifman, A."]
[Result "1-0"]
[WhiteElo "2635"]
[BlackElo "2640"]
[PlyCount "73"]
[EventDate "1991.??.??"]

1. e4 c5 2. Nf3 d6 3. d4 cxd4 4. Nxd4 Nf6 5. Nc3 g6 6. Be3 Bg7 7. f3 O-O 8. Qd2
Nc6 9. Bc4 Bd7 10. h4 Rc8 11. Bb3 Ne5 12. O-O-O Nc4 13. Bxc4 Rxc4 14. h5 Nxh5
15. g4 Nf6 16. Nb3 Re8 17. Bh6 Bh8 18. Bg5 Qc8 19. Rh4 Rxc3 20. bxc3 Be6 21.
Rdh1 Bg7 22. e5 dxe5 23. Bxf6 Bxf6 24. Rxh7 Qc4 25. Kb1 Qf4 26. Qg2 Bg7 27. Qh3
f5 28. Nc5 Bc8 29. gxf5 Bxf5 30. Ne6 Bf6 31. Rg7+ Bxg7 32. Qh7+ Kf7 33. Nxg7
Kf8 34. Qh8+ Kf7 35. Qxe8+ Kxg7 36. Qxe7+ Kg8 37. Rd1 1-0

[Event "BL 9091 Frankfurt-Solingen"]
[Site "?"]
[Date "1991.??.??"]
[Round "?.3"]
[White "Lau, R."]
[Black "Gutman, L."]
[Result "1-0"]
[WhiteElo "2485"]
[BlackElo "2445"]
[PlyCount "74"]
[EventDate "1991.??.??"]

1. e4 c5 2. Nf3 d6 3. d4 cxd4 4. Nxd4 Nf6 5. Nc3 a6 6. f4 Qc7 7. a4 Bg4 8. Be2
Bxe2 9. Qxe2 e6 10. O-O Nbd7 11. Kh1 Rc8 12. Be3 Qc4 13. Qf3 h5 14. a5 Be7 15.
Ra4 Qc7 16. Nb3 Ng4 17. Bg1 g5 18. g3 gxf4 19. gxf4 Ndf6 20. Nd2 Nd7 21. Rc4
Qd8 22. Rxc8 Qxc8 23. b3 Qc6 24. Nc4 Ngf6 25. Bd4 Rg8 26. e5 Qxf3+ 27. Rxf3
dxe5 28. fxe5 Ng4 29. Ne4 Nh6 30. Ned6+ Bxd6 31. Nxd6+ Ke7 32. Bb2 f5 33. Ba3
Kd8 34. Rc3 Nxe5 35. Nxb7+ Kd7 36. Nc5+ Ke7 37. Nxa6+ Kf6 {.../58/} 1-0

[Event "BL 9091 Frankfurt-Solingen"]
[Site "?"]
[Date "1991.??.??"]
[Round "?.4"]
[White "Tischbierek, R."]
[Black "Mohr, S."]
[Result "0-1"]
[WhiteElo "2500"]
[BlackElo "2430"]
[PlyCount "86"]
[EventDate "1991.??.??"]

1. e4 e6 2. d4 d5 3. Nc3 Nf6 4. Bg5 Bb4 5. e5 h6 6. Bd2 Bxc3 7. bxc3 Ne4 8. Qg4
g6 9. Bd3 Nxd2 10. Kxd2 c5 11. Nf3 Qc7 12. Qh4 Qe7 13. Qf4 c4 14. Be2 Nc6 15.
Rab1 b6 16. h4 Bd7 17. h5 g5 18. Qe3 f5 19. exf6 Qxf6 20. Nh2 e5 21. Bg4 O-O-O
22. Bxd7+ Rxd7 23. Ng4 Qf5 24. Nxe5 Nxe5 25. dxe5 Re8 26. Rbe1 Rde7 27. Qd4
Rxe5 28. g4 Qf6 29. Rxe5 Rxe5 30. Re1 Re6 31. Rxe6 Qxe6 32. f3 Kb7 33. Qg7+ Ka6
34. Qc7 Qf6 35. Qc8+ Ka5 36. Qf5 Qd6 37. Kc1 b5 38. Qf7 a6 39. Qg7 Ka4 40. Qg6
Qf4+ 41. Kb2 a5 42. Qxh6 d4 43. Qc6 Qe3 0-1

[Event "BL 9091 Frankfurt-Solingen"]
[Site "?"]
[Date "1991.??.??"]
[Round "?.5"]
[White "Reeh, O."]
[Black "Werner, D."]
[Result "1-0"]
[WhiteElo "2470"]
[BlackElo "2395"]
[PlyCount "79"]
[EventDate "1991.??.??"]

1. e4 c5 2. Nf3 d6 3. d4 cxd4 4. Nxd4 Nf6 5. Nc3 a6 6. f4 Nbd7 7. Nf3 e5 8. a4
d5 9. exd5 e4 10. Ne5 Bb4 11. Bc4 Nxe5 12. fxe5 Qc7 13. O-O Bg4 14. Be2 Bxe2
15. Qxe2 Qxe5 16. Bf4 Qd4+ 17. Be3 Qe5 18. Rad1 Rc8 19. Bf4 Qh5 20. Qxh5 Nxh5
21. Nxe4 Rxc2 22. Rc1 Rxc1 23. Rxc1 Rf8 24. Rc8+ Kd7 25. Rc7+ Kd8 26. Rxb7 Nxf4
27. Rxb4 Kc7 28. Rc4+ Kd8 29. Nd6 Kd7 30. Ne4 Nxd5 31. Nc5+ Kd6 32. b4 Re8 33.
Nxa6 Re2 34. Rd4 Ke5 35. Rd1 Ne3 36. Rb1 Rxg2+ 37. Kh1 Ra2 38. b5 Nc2 39. b6
Nd4 40. Nb4 1-0

[Event "BL 9091 Frankfurt-Solingen"]
[Site "?"]
[Date "1991.??.??"]
[Round "?.6"]
[White "Kohlweyer, B."]
[Black "Dueball, J."]
[Result "1-0"]
[WhiteElo "2365"]
[BlackElo "2445"]
[PlyCount "117"]
[EventDate "1991.??.??"]

1. d4 Nf6 2. c4 g6 3. Nc3 Bg7 4. e4 d6 5. f3 O-O 6. Be3 Nc6 7. Nge2 Rb8 8. Qd2
Re8 9. h4 h5 10. O-O-O a6 11. Nd5 e5 12. Nxf6+ Bxf6 13. d5 Ne7 14. Nc3 Bd7 15.
Be2 b5 16. c5 b4 17. Nb1 dxc5 18. Bxc5 Nc8 19. Bxb4 Bxh4 20. Bc5 Bb5 21. Nc3
Bg5 22. Be3 Bxe3 23. Qxe3 Bxe2 24. Qxe2 Nd6 25. b3 a5 26. Qe3 Rb4 27. Rd2 Qe7
28. Rc2 Reb8 29. g4 hxg4 30. Rch2 Qf6 31. fxg4 Kf8 32. g5 Qf4 33. Qxf4 exf4 34.
e5 Nf5 35. d6 cxd6 36. Rh8+ Ke7 37. Nd5+ Ke6 38. Nxb4 Rxb4 39. exd6 Nxd6 40.
Rd8 Nf5 41. Re8+ Kd7 42. Re5 a4 43. Rd1+ Kc6 44. Rd3 axb3 45. axb3 Rd4 46. Kd2
Rb4 47. Kc3 Rb7 48. b4 Ra7 49. Rc5+ Kb6 50. Rxf5 gxf5 51. Rd6+ Kb5 52. Rd5+ Ka4
53. Rxf5 Rc7+ 54. Kd4 Kxb4 55. Ke5 Kc5 56. Rxf4 Ra7 57. Kf6 Kd6 58. Rd4+ Kc5
59. Rd8 1-0

[Event "BL 9091 Frankfurt-Solingen"]
[Site "?"]
[Date "1991.??.??"]
[Round "?.7"]
[White "Zysk, R."]
[Black "Heyken, E."]
[Result "0-1"]
[WhiteElo "2415"]
[BlackElo "2415"]
[PlyCount "80"]
[EventDate "1991.??.??"]

1. Nf3 d5 2. c4 e6 3. g3 dxc4 4. Qa4+ Nd7 5. Qxc4 a6 6. Bg2 b5 7. Qc2 Bb7 8.
O-O c5 9. a4 Ngf6 10. d3 Be7 11. axb5 axb5 12. Rxa8 Qxa8 13. b3 O-O 14. Bb2 Rc8
15. Nbd2 Bc6 16. Ra1 Qb7 17. e4 Ra8 18. Rc1 Ra2 19. b4 Qa8 20. Qb1 Bb7 21. bxc5
Nxc5 22. Bd4 Qa3 23. Bf1 Nfd7 24. Rc3 Qa5 25. Nb3 Nxb3 26. Qxb3 Ra3 27. Qb2 b4
28. Rc2 f6 29. Nd2 Qb5 30. Be3 Qa4 31. d4 Ba6 32. Bxa6 Qxa6 33. Nc4 Ra1+ 34.
Kg2 Kf7 35. Qb3 Nb6 36. d5 Nxc4 37. Rxc4 Ra3 38. Qc2 b3 39. Qd3 b2 40. dxe6+
Qxe6 0-1

[Event "BL 9091 Frankfurt-Solingen"]
[Site "?"]
[Date "1991.??.??"]
[Round "?.8"]
[White "Degenhardt, H."]
[Black "Serrer, C."]
[Result "1/2-1/2"]
[WhiteElo "2325"]
[BlackElo "2305"]
[PlyCount "22"]
[EventDate "1991.??.??"]

1. e4 c6 2. d3 d5 3. Nd2 Qc7 4. Ngf3 Bg4 5. Be2 Nf6 6. O-O e6 7. Nd4 Bxe2 8.
Qxe2 Bc5 9. N2b3 Bxd4 10. Nxd4 dxe4 11. Rd1 exd3 1/2-1/2

[Event "BL 9091 Heidelberg-Dortmund"]
[Site "?"]
[Date "1991.??.??"]
[Round "?.1"]
[White "Razuvaev, Y."]
[Black "Steinbacher, M."]
[Result "1-0"]
[WhiteElo "2585"]
[BlackElo "2370"]
[PlyCount "56"]
[EventDate "1991.??.??"]

1. d4 Nf6 2. c4 e6 3. g3 c5 4. d5 exd5 5. cxd5 Bd6 6. Nc3 O-O 7. Bg2 Bc7 8. Nf3
d6 9. O-O a6 10. a4 Re8 11. b3 Ba5 12. Bb2 Bg4 13. h3 Bh5 14. g4 Bg6 15. Nd2 h5
16. g5 Bxc3 17. Bxc3 Ne4 18. Nxe4 Bxe4 19. f3 Bg6 20. Qd2 Nd7 21. e4 Kh7 22.
Rae1 f5 23. f4 c4 24. Qd4 Qb6 25. Qxb6 Nxb6 26. a5 cxb3 27. axb6 a5 28. Bb2
Rec8 1-0

[Event "BL 9091 Heidelberg-Dortmund"]
[Site "?"]
[Date "1991.??.??"]
[Round "?.2"]
[White "Neurohr, S."]
[Black "Smagin, S."]
[Result "0-1"]
[WhiteElo "2335"]
[BlackElo "2550"]
[PlyCount "88"]
[EventDate "1991.??.??"]

1. d4 Nf6 2. c4 e6 3. Nf3 d5 4. Nc3 Nbd7 5. Bg5 c6 6. e3 Qa5 7. Be2 Bb4 8. O-O
Bxc3 9. bxc3 Ne4 10. Re1 Nxc3 11. Qc2 Nxe2+ 12. Rxe2 dxc4 13. Qxc4 c5 14. Rc1
b6 15. d5 e5 16. Qe4 O-O 17. Be7 f5 18. Qh4 Re8 19. d6 Ba6 20. Ree1 Qxa2 21.
Ra1 Qc4 22. Qh5 Qg4 23. Qxg4 fxg4 24. Rxa6 gxf3 25. Rea1 Kf7 26. Rxa7 Rxa7 27.
Rxa7 Ke6 28. gxf3 b5 29. Kf1 c4 30. Ke2 Rb8 31. Rc7 Ra8 32. Rb7 Ra2+ 33. Kd1
Rb2 34. Bh4 c3 35. f4 exf4 36. exf4 Kxd6 37. f5 Kc6 38. Ra7 Rd2+ 39. Ke1 b4 40.
Bg3 Rd5 41. Ra6+ Kb5 42. Rd6 Rxd6 43. Bxd6 b3 44. Kd1 Kc4 0-1

[Event "BL 9091 Heidelberg-Dortmund"]
[Site "?"]
[Date "1991.??.??"]
[Round "?.3"]
[White "Mainka, R."]
[Black "Ostl, A."]
[Result "1-0"]
[WhiteElo "2430"]
[BlackElo "2325"]
[PlyCount "63"]
[EventDate "1991.??.??"]

1. e4 g6 2. d4 Bg7 3. Nc3 d6 4. g3 c6 5. a4 a5 6. Bg2 Nd7 7. Nge2 e5 8. Be3 Ne7
9. O-O O-O 10. Qd2 Qc7 11. Rad1 Nb6 12. b3 Be6 13. dxe5 dxe5 14. Bc5 Rfe8 15.
Bd6 Qc8 16. Qe3 Nd7 17. f4 exf4 18. Qxf4 h6 19. Nd4 Ne5 20. Qe3 Bg4 21. Rd2 Nd5
22. Nxd5 cxd5 23. Qf2 dxe4 24. Bxe4 f5 25. Bg2 Kh7 26. Nb5 Rd8 27. Re1 Nf7 28.
h3 Bh5 29. g4 Nxd6 30. Nxd6 Rxd6 31. Rxd6 fxg4 32. Re7 1-0

[Event "BL 9091 Heidelberg-Dortmund"]
[Site "?"]
[Date "1991.??.??"]
[Round "?.4"]
[White "Mack, P."]
[Black "Paehtz, T."]
[Result "1/2-1/2"]
[WhiteElo "2300"]
[BlackElo "2455"]
[PlyCount "83"]
[EventDate "1991.??.??"]

1. Nf3 Nf6 2. g3 d6 3. Bg2 c6 4. d4 Bf5 5. O-O Nbd7 6. b3 e5 7. dxe5 dxe5 8.
Bb2 e4 9. Nd4 Bg6 10. c4 h5 11. h3 h4 12. g4 Nxg4 13. Nc3 Ngf6 14. f4 Qc7 15.
Qc2 O-O-O 16. Nxe4 Nc5 17. f5 Ncxe4 18. Bxe4 Qg3+ 19. Bg2 Bc5 20. fxg6 Rxd4 21.
Qf5+ Nd7 22. Bxd4 Bxd4+ 23. e3 fxg6 24. Qe6 Bxa1 25. Rxa1 Qe5 26. Qxe5 Nxe5 27.
Rd1 Rd8 28. Rd4 Rxd4 29. exd4 Nd3 30. d5 Kc7 31. dxc6 bxc6 32. a3 g5 33. Bf1
Nf4 34. Kf2 g4 35. hxg4 g5 36. c5 a5 37. b4 a4 38. Bc4 Ng6 39. Be2 Ne5 40. Ke3
Kd7 41. Kf2 Ke6 42. Bf3 1/2-1/2

[Event "BL 9091 Heidelberg-Dortmund"]
[Site "?"]
[Date "1991.??.??"]
[Round "?.5"]
[White "Keitlinghaus, L."]
[Black "Weber, M."]
[Result "1-0"]
[WhiteElo "2400"]
[BlackElo "2330"]
[PlyCount "77"]
[EventDate "1991.??.??"]

1. e4 c5 2. Nc3 e6 3. f4 d6 4. Bb5+ Bd7 5. a4 Be7 6. Nf3 Nf6 7. O-O O-O 8. b3
Nc6 9. Bb2 Qc7 10. Qe2 Nd4 11. Qd3 a6 12. Bxd7 Nxf3+ 13. Rxf3 Nxd7 14. Rh3 g6
15. Rxh7 Nf6 16. Rh3 b5 17. axb5 axb5 18. Rxa8 Rxa8 19. Nxb5 Qb6 20. c4 d5 21.
Be5 d4 22. Rf3 Ng4 23. Rf1 Bf8 24. Bc7 Qc6 25. Qg3 Nf6 26. d3 Ra2 27. Qh4 Bg7
28. Be5 Nxe4 29. Bxg7 Kxg7 30. dxe4 Qxe4 31. Qg3 d3 32. Qf3 Qxf3 33. Rxf3 Ra1+
34. Rf1 Ra2 35. Rd1 d2 36. Kf2 Rb2 37. Ke2 Kf6 38. Rxd2 Rxb3 39. Nd6 1-0

[Event "BL 9091 Heidelberg-Dortmund"]
[Site "?"]
[Date "1991.??.??"]
[Round "?.6"]
[White "Grathwohl, R."]
[Black "Thesing, M."]
[Result "1-0"]
[WhiteElo "2320"]
[BlackElo "2405"]
[PlyCount "81"]
[EventDate "1991.??.??"]

1. Nf3 c5 2. c4 Nf6 3. Nc3 e6 4. g3 b6 5. Bg2 Bb7 6. O-O a6 7. b3 d6 8. Bb2 Be7
9. e3 O-O 10. Qe2 Nbd7 11. Rfd1 Qc7 12. Rac1 Ne4 13. Nxe4 Bxe4 14. d4 Qb7 15.
Ne1 Bxg2 16. Nxg2 Nf6 17. dxc5 bxc5 18. Bxf6 gxf6 19. e4 Kh8 20. Rc3 Rg8 21.
Nf4 Rg5 22. h4 Re5 23. Re3 f5 24. exf5 Rxf5 25. Nd5 Rg8 26. Qb2+ e5 27. Kf1 Bd8
28. Qe2 h5 29. Rf3 Qd7 30. Ne3 Rxf3 31. Qxf3 Rg6 32. Qxh5+ Kg8 33. Qf5 Qb7 34.
Nd5 a5 35. Rd3 a4 36. h5 Re6 37. Qe4 Qa6 38. Rf3 axb3 39. axb3 Qa1+ 40. Kg2 Qd4
41. Qf5 1-0

[Event "BL 9091 Heidelberg-Dortmund"]
[Site "?"]
[Date "1991.??.??"]
[Round "?.7"]
[White "Stein, B."]
[Black "Zuse, P."]
[Result "1/2-1/2"]
[WhiteElo "2370"]
[BlackElo "2230"]
[PlyCount "90"]
[EventDate "1991.??.??"]

1. Nf3 Nf6 2. b3 g6 3. Bb2 Bg7 4. c4 O-O 5. g3 c6 6. Bg2 d5 7. O-O Re8 8. d4 a5
9. Nc3 Ne4 10. Rc1 Nxc3 11. Bxc3 Nd7 12. e4 dxe4 13. Ng5 e5 14. Nxe4 exd4 15.
Bxd4 Ne5 16. Bc3 Bg4 17. Qxd8 Raxd8 18. f4 Nd3 19. Rc2 Bf5 20. Nf6+ Bxf6 21.
Bxf6 Rd6 22. Bc3 Nxf4 23. Rd2 Rxd2 24. Bxd2 Nxg2 25. Kxg2 a4 26. Kf2 axb3 27.
axb3 Bc2 28. Re1 Rxe1 29. Bxe1 Bxb3 30. c5 f6 31. Ke3 Kf7 32. Ba5 Ke6 33. Ke4
g5 34. Bc7 Bc2+ 35. Kd4 Kf5 36. Bd8 h6 37. Be7 h5 38. h4 Bb3 39. Bd8 Bd5 40.
Be7 Bg2 41. Bd8 Bh1 42. Be7 Ke6 43. Bd8 gxh4 44. gxh4 Bg2 45. Bc7 Kd7 1/2-1/2

[Event "BL 9091 Solingen-Heidelberg"]
[Site "?"]
[Date "1991.??.??"]
[Round "?.1"]
[White "Steinbacher, M."]
[Black "Short, N."]
[Result "0-1"]
[WhiteElo "2370"]
[BlackElo "2635"]
[PlyCount "72"]
[EventDate "1991.??.??"]

1. d4 e6 2. e4 d5 3. Nc3 Bb4 4. e5 c5 5. a3 Bxc3+ 6. bxc3 Ne7 7. h4 Qc7 8. Rh3
Nbc6 9. h5 h6 10. Qg4 Nf5 11. Qf4 f6 12. exf6 Qxf4 13. Bxf4 gxf6 14. dxc5 e5
15. Bd2 Be6 16. Rf3 Kf7 17. Rb1 Rab8 18. g4 Nfe7 19. Bh3 Rbg8 20. Rg3 Bc8 21.
Nf3 Nd8 22. Nh4 Ne6 23. Nf5 Nxf5 24. gxf5 Nxc5 25. Rg6 b6 26. a4 Nxa4 27. Rb4
Nc5 28. Rbg4 Rxg6 29. Rxg6 Ne4 30. Bxh6 Rh7 31. Bg4 Nxc3 32. f4 Ne4 33. fxe5
fxe5 34. Bg5 Nxg5 35. Rxg5 e4 36. Rg6 Bxf5 0-1

[Event "BL 9091 Solingen-Heidelberg"]
[Site "?"]
[Date "1991.??.??"]
[Round "?.3"]
[White "Ostl, A."]
[Black "Lau, R."]
[Result "0-1"]
[WhiteElo "2325"]
[BlackElo "2485"]
[PlyCount "62"]
[EventDate "1991.??.??"]

1. d4 Nf6 2. Nf3 d5 3. Bf4 c6 4. c3 Qb6 5. Qb3 Bf5 6. Nbd2 Nbd7 7. e3 h6 8. h3
e6 9. Be2 Be7 10. O-O O-O 11. c4 a5 12. Rfc1 Rfc8 13. Qxb6 Nxb6 14. Ne5 Bb4 15.
Nb3 Na4 16. a3 Be7 17. g4 Bh7 18. Ra2 c5 19. cxd5 exd5 20. Bb5 c4 21. Bxa4 cxb3
22. Rxc8+ Rxc8 23. Bxb3 g5 24. Bg3 Rc1+ 25. Kh2 b5 26. a4 b4 27. h4 Be4 28. f3
Nxg4+ 29. Kh3 Nxe5 30. fxe4 g4+ 31. Kg2 Nc4 0-1

[Event "BL 9091 Solingen-Heidelberg"]
[Site "?"]
[Date "1991.??.??"]
[Round "?.4"]
[White "Mohr, S."]
[Black "Weber, M."]
[Result "1/2-1/2"]
[WhiteElo "2430"]
[BlackElo "2330"]
[PlyCount "49"]
[EventDate "1991.??.??"]

1. d4 Nf6 2. c4 e6 3. Nc3 Bb4 4. Qc2 O-O 5. a3 Bxc3+ 6. Qxc3 b6 7. Bg5 Bb7 8.
f3 d6 9. e4 c5 10. d5 Nbd7 11. Nh3 Re8 12. dxe6 fxe6 13. O-O-O Qc7 14. Qd2 d5
15. cxd5 exd5 16. Bb5 d4 17. Bf4 Ne5 18. Bxe8 Rxe8 19. Kb1 Nfd7 20. Nf2 Qc6 21.
Nd3 Nc4 22. Qc2 Ba6 23. Qb3 Kh8 24. Rc1 Na5 25. Qc2 1/2-1/2